000 00433nam a2200181Ia 4500
001 15558
005 20260306170205.0
008 260306t2015||||xx |||||||||||||| ||und||
041 _aESP
082 _a546
_bV32
100 _aVargas Jiménez, Luis Alfonso
_eAUT
245 0 _aQuímica inorgánica general
260 _c2015
300 _a294 páginas :
_c21 cm.
650 _aGEN
654 _aCCN
942 _cLIB
_dJUS
_fJUS
_2ddc
_n
999 _c15558
_d15558